000 01002nam a2200313 i 4500
003 EG-GICUC
005 20260507134351.0
008 260428s1985 in ||||fr|||| 00| 0 eng d
040 _aEG-GiCUC
_beng
_cEG-GiCUC
_dEG-GiCUC
_eRda
041 0 _aeng
082 0 4 _221
_a343.766
_bGO . M
092 0 4 _221
099 _aLaw1 10 343.766 GO . M 1985
100 1 _aGowritz, L. M.
_eAuthor.
245 1 4 _aThe modern prison system of India /
_cby L. M. Gowritz and J. F. C. Trueman
264 1 _aIndia :
_bGovernment of India,
_c1985.
300 _a137 page ;
_c 24 cm.
336 _2rda contenu
_a texte
337 _2rda medias
_aOrdinateur
338 _2 transporteur rda
_a Ressource en ligne
504 _aComprend des references bibliographiques.
546 _aText in English
650 1 _aPenal system
_2qrmak
651 1 _2qrmak
700 1 _aTrueman, J. F. C.
_ejoint author.
856 4 0 _uhttps://fll.law.cu.edu.eg/fulltext/bks/B10-11861.pdf
905 _a74
942 _2ddc
_n0
_cBK
_e21
999 _c73938
_d73938